Clicca il cognome dell'attore - Statistics

Statistiche generali
  • Questo quiz è stato fatto 550 volte
  • Il punteggio medio è 21 su 30
Statistiche sulle risposte
Hint Risposta % Corretto
Leonardo Di Caprio
95%
Brad Pitt
90%
Morgan Freeman
87%
Marlon Brando
86%
Charlie Chaplin
85%
Johnny Depp
84%
George Clooney
82%
Harrison Ford
82%
Clint Eastwood
80%
Timothee Chalamet
79%
Keanu Reeves
79%
Denzel Washington
76%
Bruce Willis
76%
Matthew McConaughey
74%
Sean Connery
73%
Eddie Murphy
73%
Tom Hanks
70%
Samuel L. Jackson
67%
Robin Williams
66%
Anthony Hopkins
65%
Ben Stiller
63%
Mark Ruffalo
61%
Jack Nicholson
56%
Robert Redford
56%
Andrew Garfield
53%
Humphrey Bogart
51%
James Dean
47%
John Wayne
43%
Adam Driver
41%
Bill Skarskård
33%
Nessun quiz corrispondente trovato
Distribuzione punteggi
Percentuale di utenti per punteggio
Percentile per numero di risposta
I tuoi punteggi nel tempo
Non hai fatto questo quiz